1197 1962 1218 1282 1791 1061 1166 1230 1881 1086 1312 1839 1642 1705 1805 1439 1389 1435 1297 1530 1081 1974 1607 1899 1160 1501 1680 1170 1441 1931 1875 1247 1770 1872 1400 1154 1994 1729 1332 1088 1613 1966 1930 1615 1011 1615 1915 1150 1545 1752 1424 1426 1034 1017 1783 1860 1694 1688 1961 1994 1848 1859 1471 1446 1031 1961 1103 1873 1542 1505 1995 1720 1188 1312 1711 1121 1914 1320 1989 1400 1964 1475 1749 1204 1237 1615 1072 1920 1742 1409 1537 1010 1510 1835 1095 1519 1597 1125 1342 BCNSPRNW ULIB Ver.6.0+V

เปลี่ยนเป็นภาษาไทย

Change to English
 แสดงรายละเอียดบรรณานุกรม
  กลับหน้าหลัก

Brief Record : Get Marc (ISO 2709) : E-mail record : QR code < ปิดหน้าต่าง
LEADER : 00000nam 2200000uu 4500
001    13399123479
003     ULIB
008    020711s2002 th a 000 0 eng d
020    0071371990
060    QT18.2^bP578
100    James P.Ryan
245    Physiology: PreTest Self-Assessment/^cJames P.Ryan,Michael B.Wang
250    10th ed
260     ^bMc Graw Hill,^c2002
300    322 pages;^b21 cm
650    Physiology^xExamination Questions
700    Michael B.Wang
945    ^p0^l0^i20830
รายการนี้ยังไม่มีแท็ก
คุณยังไม่ได้ล็อกอิน คุณสามารถมีกิจกรรมร่วมกับเว็บไซต์ได้ แต่ต้องล็อกอินก่อน ::
  ล็อกอิน

รายการสื่อสารสนเทศ

ลำดับที่ ประเภท เลขเรียก/บาร์โค้ด สถานที่ สถานะ
1. Book การพยาบาล
Book การพยาบาล
QT18.2 P578 ฉ.1 
  Barcode: 20830
ห้องสมุดวิทยาเขตนครสวรรค์
►หนังสือทั่วไป:l:General Books
บนชั้น

BibComment


ยังไม่เคยถูกคอมเมนท์

คอมเมนท์ทรัพยากรรายการนี้
  คอมเมนท์: Physiology PreTes..


 Copyright 2026. Bcnsprnw @Library